00806nam a2200229 i 4500003000900000005001700009008004100026040004300067082002300110100003600133245007600169250001900245264005900264300002400323336002400347337002800371338004300399546002000442650002900462650002800491856005700519EG-GICUC20260403091345.0260403s1913 uk ||||fr|||| 00| 0 eng d aEG-GiCUCbengcEG-GiCUCdEG-GiCUCeRda04221a341.28bTA . C1 aTarring,Charles James eAuthor. aChapters on the Law Relating to the Colonies /cCharles James Tarring . aFourth Edition 1aLondon :bStevens and Haynes, Law Publishers ,c1913 . a308 page ; c24 cm. 2rda contenua texte 2rda mediasaOrdinateur 2 transporteur rdaa Ressource en ligne aText in English aPublic International Law aNon-Independent Regions40uhttps://fll.law.cu.edu.eg/fulltext/bks/B11-06677.pdf